000 00637cam a2200217Mu 4500
001 81650
005 20230410105428.0
008 981216s1959 xx 000 0 und d
035 _a(OCoLC)ocn163781387
040 _aGEBAY
_bger
_cGEBAY
_dBUF
016 7 _2XX-XxUND
_aIF4674564
035 _a(OCoLC)163781387
050 1 4 _aHB501.M37
_bR893p 1959
100 1 _aRozental', Mark M.
245 0 0 _aLes probláemes de la dialectique dans "Le Capital" de Marx
260 _c1959
505 0 _aParis: Ed. sociales; Moscou: Ed. en langues etrangáeres 1959. 482 S. [Karl Marx]
942 _2lcc
_cbk
994 _aC0
_bDRFGD
946 _aRdC
999 _c36521
_d36521